[Event "Goodricke op 03rd"]
[Site "Kolkata"]
[Date "1992.??.??"]
[Round "1"]
[White "Rajiv, Nayyar"]
[Black "Ravisekhar, Raja"]
[Result "0-1"]
[WhiteElo "2255"]
[BlackElo "2400"]
[PlyCount "71"]
[EventDate "1992.01.??"]
[EventType "swiss"]
[EventRounds "11"]
[EventCountry "IND"]
[SourceTitle "CBM 027 Extra"]
[Source "ChessBase"]
[SourceDate "1992.05.01"]
[SourceVersion "1"]
[SourceVersionDate "1992.05.01"]
[SourceQuality "1"]

1. d4 g6 2. c4 Bg7 3. Nc3 d6 4. e4 Nc6 5. Be3 e5 6. Nge2 exd4 7. Nxd4 Nge7 8. Be2 0-0 9. 0-0 f5 10. Nxc6 bxc6 11. Bd4 Bxd4 12. Qxd4 c5 13. Qd2 Bb7 14. Bf3 Qd7 15. Rad1 Rad8 16. Rfe1 f4 17. Qd3 Qc8 18. Nd5 Nxd5 19. exd5 Rde8 20. Re4 Rxe4 21. Qxe4 Qd7 22. Re1 Bc8 23. Qe7 Rf7 24. Qe8+ Kg7 25. Qxd7 Bxd7 26. Rc1 Re7 27. Kf1 Kf6 28. h3 Re8 29. Rc3 Rb8 30. Ra3 Rb7 31. Ke1 Ke5 32. Bd1 Kd4 33. Rb3 Rxb3 34. axb3 Kd3 35. h4 h6 36. g3 0-1